000 00759nam a2200265 a 4500
001 86219
003 BD-RjUL
005 20260225125043.0
008 260225r20252005ii mr1p 0 1 a0eng d
020 _a9788125918790
030 _aPLPHAY
035 _a(BD-RjUL)86219
040 _aMUL
_cMUL
_dNSD
_dBD-RJUL
_dOCLCQ
_beng
041 _aeng
082 0 4 _223
_a571.2
_bPAP 2025
100 1 _aPandey, S.N.
_941383
245 1 0 _aPlant physiology /
_cS. N. Pandey, B. K. Sinha
250 _a4th ed
260 _aNew Delhi :
_bVikas Publishing house.,
_c2005 [Reprinted 2025].
300 _axii, 682 p. :
_bill. ;
_c24 cm.
504 _aIncludes bibliography and index.
650 0 _aPlant physiology
_9799
700 1 _aSinha, B. K.
_917801
942 _2ddc
_cBK
999 _c86219
_d86219